Specification for moulded solid rubber soles and heels. (Record no. 73865)

MARC details
000 -LEADER
fixed length control field 00325nam a2200121Ia 4500
245 #0 - TITLE STATEMENT
Title Specification for moulded solid rubber soles and heels.
260 ## - PUBLICATION, DISTRIBUTION, ETC. (IMPRINT)
Year of publication 1970
500 ## - GENERAL NOTE
General note Standard number: IS 5676
650 ## - SUBJECT ADDED ENTRY--TOPICAL TERM
Topical Term Rubber heels
650 ## - SUBJECT ADDED ENTRY--TOPICAL TERM
Topical Term Solid Rubber soles
942 ## - ADDED ENTRY ELEMENTS (KOHA)
Koha item type Standards
Holdings
Withdrawn status Lost status Damaged status Not for loan Collection code Home library Current library Date acquired Koha item type
      Standards Indian standards RRII Library RRII Library 31/12/2021 Standards